[Event "AUTO-ADV-2772"]
[Site "http://www.queenalice.com/game.php?id=1155815"]
[Date "2013.2.27"]
[Round "1"]
[White "Sk8"]
[Black "clovis"]
[Result "0-1"]
[WhiteElo "1754"]
[BlackElo "1928"]

1. e4 e5 2. Qh5 Nc6 3. Bb5 Nf6 4. Qh4 Bc5 5. Bxc6 dxc6 6. h3 O-O 7. d3 Be6 8.
Bg5 h6 9. Bxf6 Qxf6 10. Qxf6 gxf6 11. Nf3 Kh7 12. O-O Rg8 13. g4 h5 14. Kh2 hxg4
15. hxg4 Rxg4 16. Nc3 Rh8 17. Kh1 Kg7+ 18. Nh2 Rgh4 19. Rg1+ Kf8 20. Rg2 Bh3 21.
Rg3 Bxf2 22. Rf3 Bd4 23. Ne2 Bg2+ 24. Kxg2 Rxh2+ 25. Kg3 Rxe2 26. Rxf6 Rxc2 27.
Raf1 Rg8+ 28. Kf3 Rxb2 29. a3 Rgg2 30. Rh6 Rgf2+ 31. Rxf2 Rxf2+ 32. Kg4 Ra2 33.
Rh8+ Kg7 34. Rc8 Rxa3 35. Rxc7 Rb3 36. Kf5 a5 37. Rc8 a4 0-1

[Event "AUTO-ADV-2772"]
[Site "http://www.queenalice.com/game.php?id=1155830"]
[Date "2013.2.27"]
[Round "1"]
[White "Sk8"]
[Black "vivafischer"]
[Result "1-0"]
[WhiteElo "1750"]
[BlackElo "2068"]

1. e4 Nf6 2. Nc3 e5 3. Nf3 Nc6 4. Bb5 Nd4 5. d3 Bc5 6. Nxe5 O-O 7. O-O c6 8. Bc4
b5 9. Bxf7+ Rxf7 10. Nxf7 Kxf7 11. e5 Nd5 12. Nxd5 cxd5 13. c3 Ne6 14. d4 Be7
15. f4 Kg8 16. f5 Nf8 17. f6 gxf6 18. exf6 Bxf6 19. Qg4+ Ng6 20. Qf5 Kg7 21. Qh5
Bb7 22. Bh6+ Kg8 23. Rf2 Bg7 24. Raf1 Qe7 25. Rf7 Qxf7 26. Rxf7 Kxf7 27. Qf5+
Kg8 28. Bxg7 1-0

[Event "AUTO-ADV-2772"]
[Site "http://www.queenalice.com/game.php?id=1155831"]
[Date "2013.2.27"]
[Round "1"]
[White "vivafischer"]
[Black "Sk8"]
[Result "1-0"]
[WhiteElo "2065"]
[BlackElo "1745"]

1. e4 e5 2. Nf3 Nc6 3. Bb5 Nf6 4. O-O Nxe4 5. d4 exd4 6. Re1 d5 7. Nxd4 Bd7 8.
Bxc6 Bxc6 9. f3 Bc5 10. fxe4 dxe4 11. Be3 O-O 12. Nc3 Qf6 13. Rf1 Qe5 14. Rf5
Qd6 15. Rf2 Rad8 16. Rd2 Bxd4 17. Bxd4 Qf4 18. Qe2 Rfe8 19. Be3 Qe5 20. Rad1 Qe7
21. Rxd8 Rxd8 22. Rxd8+ Qxd8 23. Qd2 Qe7 24. Bg5 f6 25. Be3 h6 26. Qd4 f5 27.
Nd5 Bxd5 28. Qxd5+ Kh7 29. Qxf5+ g6 30. Qf4 g5 31. Qf5+ Kg8 32. Qg6+ Qg7 33.
Qxg7+ Kxg7 34. Bxa7 Kf7 35. Kf2 Kf6 36. Ke3 1-0

[Event "AUTO-ADV-2772"]
[Site "http://www.queenalice.com/game.php?id=1155832"]
[Date "2013.2.27"]
[Round "1"]
[White "Sk8"]
[Black "Champignac"]
[Result "0-1"]
[WhiteElo "1700"]
[BlackElo "1939"]

1. e4 c5 2. Nc3 g6 3. Nf3 Bg7 4. Bc4 Nc6 5. Ng5 Ne5 6. d3 Nxc4 7. dxc4 Nh6 8.
Nd5 O-O 9. c3 e6 10. Nxh7 exd5 11. Bg5 Qb6 12. Be7 Re8 13. Bg5 Rxe4+ 14. Kf1
Kxh7 15. Bxh6 Bxh6 16. Qxd5 Re6 17. Re1 d6 18. g3 Rxe1+ 19. Kxe1 Qxb2 20. Qxf7+
Bg7 21. Qf3 Bd7 22. h3 Bc6 23. Qg4 Bxh1 0-1

[Event "AUTO-ADV-2772"]
[Site "http://www.queenalice.com/game.php?id=1155833"]
[Date "2013.2.27"]
[Round "1"]
[White "Champignac"]
[Black "Sk8"]
[Result "1-0"]
[WhiteElo "1932"]
[BlackElo "1707"]

1. c4 e5 2. Nc3 Nf6 3. g3 c6 4. Bg2 Bb4 5. Ne4 d5 6. cxd5 Qxd5 7. Nxf6+ gxf6 8.
Bxd5 cxd5 9. Qa4+ Nc6 10. a3 Ba5 11. Nf3 Bd7 12. O-O O-O-O 13. b4 Bc7 14. b5 Ne7
15. Qxa7 Bxb5 16. Qc5 Bxe2 17. Nh4 Bxf1 18. Kxf1 d4 19. Qxe7 Rdf8 20. Qxf6 Bd8
21. Qxe5 Bc7 22. Qxd4 Re8 23. Bb2 Be5 24. Qc5+ Bc7 25. Bxh8 1-0

[Event "No machine"]
[Site "http://www.queenalice.com/game.php?id=1158771"]
[Date "2013.3.7"]
[Round "-"]
[White "Sk8"]
[Black "KnightChess"]
[Result "1-0"]
[WhiteElo "1736"]
[BlackElo "1672"]

1. e4 c5 2. d4 cxd4 3. Qxd4 Nc6 4. Qe3 Nf6 5. Be2 e6 6. Nc3 a6 7. b3 b5 8. Bb2
Bb7 9. e5 Nb4 10. Rc1 Nfd5 11. Nxd5 Bxd5 12. Nf3 Nxa2 13. Ra1 Nb4 14. Bd3 g6 15.
Qf4 Nxd3+ 16. cxd3 Bxb3 17. O-O h6 18. Ba3 Bxa3 19. Rxa3 Bd5 20. Nd4 b4 21. Raa1
a5 22. Nb5 Ra6 23. Rfc1 Bc6 24. Nd6+ Ke7 25. Qxf7# 1-0

[Event "No machine"]
[Site "http://www.queenalice.com/game.php?id=1158772"]
[Date "2013.3.7"]
[Round "-"]
[White "KnightChess"]
[Black "Sk8"]
[Result "0-1"]
[WhiteElo "1652"]
[BlackElo "1749"]

1. d4 d5 2. c4 Nf6 3. cxd5 Nxd5 4. e4 Nb6 5. Nf3 e6 6. a3 Bd7 7. Nc3 Bd6 8. e5
Be7 9. Bd3 a6 10. h4 h6 11. g3 Bc6 12. Be3 Nd5 13. Qe2 Nxc3 14. bxc3 Qd5 15. c4
Qxf3 16. Qxf3 Bxf3 17. Rg1 Nc6 18. Kd2 Rd8 19. Kc3 f6 20. g4 fxe5 21. Bg6+ Kd7
22. dxe5 Nxe5 23. h5 Nxg4 24. Rg3 Ne5 25. Bc2 Bxh5 26. Rxg7 Nf7 27. Rh1 Bf6+ 28.
Bd4 Bxg7 29. Bxg7 Rhg8 30. Bxh6 Nxh6 31. Rxh5 Ng4 32. Rh7+ Kc8 33. f4 Ne3 34.
Re7 Rg3 35. Rxe6 Nd5+ 36. Kd4 Nxf4+ 37. Ke5 Nxe6 38. Kxe6 Re3+ 39. Kf7 Rd7+ 0-1

[Event "Challenge"]
[Site "http://www.queenalice.com/game.php?id=1160586"]
[Date "2013.3.13"]
[Round "-"]
[White "Sk8"]
[Black "heberesteves"]
[Result "0-1"]
[WhiteElo "1747"]
[BlackElo "1631"]

1. e4 e5 2. Nc3 c6 3. Nf3 d6 4. d3 c5 5. Nd5 Nf6 6. Bg5 Nbd7 7. c3 h6 8. Bh4 b5
9. Qb3 Rb8 10. g3 c4 11. dxc4 bxc4 12. Qa3 Be7 13. Qxa7 O-O 14. Qa3 Nxd5 15.
exd5 Nb6 16. Rd1 Bg4 17. Bg2 e4 18. Nd4 Bxd1 19. Nc6 Qd7 20. Nxe7+ Kh8 21. Kxd1
g5 22. Bxe4 Qxe7 23. Re1 Ra8 24. Qb4 gxh4 25. Qxb6 Rxa2 26. Kc2 hxg3 27. hxg3 f5
28. Qd4+ Qg7 29. Qxg7+ Kxg7 30. Bf3 f4 31. g4 Rb8 32. Rb1 Kg6 33. Be4+ Kg5 34.
f3 Rba8 35. Kc1 h5 36. gxh5 Kxh5 37. Bf5 Kh4 38. Kc2 Kg3 39. Be4 Kf2 40. Kd2 Rb8
41. Kc1 Ke2 42. Kc2 Re8 43. Rh1 Rb8 44. Rh2+ Ke3 45. Kb1 Rba8 0-1

[Event "Challenge"]
[Site "http://www.queenalice.com/game.php?id=1160587"]
[Date "2013.3.13"]
[Round "-"]
[White "heberesteves"]
[Black "Sk8"]
[Result "1-0"]
[WhiteElo "1555"]
[BlackElo "1779"]

1. e4 e5 2. c3 Nc6 3. d4 Bd6 4. d5 Nce7 5. a3 Nf6 6. Bd3 c6 7. c4 Bc5 8. b4 Bd4
9. Ra2 d6 10. Nf3 Qb6 11. c5 dxc5 12. Nxd4 cxd4 13. Bg5 cxd5 14. exd5 Nexd5 15.
O-O Bd7 16. Re1 Qe6 17. Rae2 O-O 18. Rxe5 Qc6 19. b5 Qb6 20. Bc4 Be6 21. h4 h6
22. Bxf6 gxf6 23. R5e4 Nc3 24. Nxc3 dxc3 25. Bxe6 fxe6 26. Rxe6 Qxb5 27. Qg4+
Kh8 28. Qg6 Rad8 29. Re7 Qd3 30. Qg7# 1-0

[Event "___:?"]
[Site "http://www.queenalice.com/game.php?id=1161525"]
[Date "2013.3.16"]
[Round "-"]
[White "Sk8"]
[Black "heberesteves"]
[Result "0-1"]
[WhiteElo "1769"]
[BlackElo "1609"]

1. e4 e5 2. Bc4 Qh4 3. Nc3 Bc5 4. g3 Qf6 5. Nf3 d6 6. Nd5 Qd8 7. d3 c6 8. Ng5
cxd5 9. Bxd5 Nh6 10. Qh5 O-O 11. h3 Qf6 12. O-O Na6 0-1

[Event ":-p"]
[Site "http://www.queenalice.com/game.php?id=1161526"]
[Date "2013.3.16"]
[Round "-"]
[White "heberesteves"]
[Black "Sk8"]
[Result "1-0"]
[WhiteElo "1652"]
[BlackElo "1726"]

1. d4 d5 2. Nc3 e6 3. e4 Bb4 4. e5 Bxc3+ 5. bxc3 Bd7 6. Nf3 f6 7. a4 Nc6 8. Ba3
fxe5 9. dxe5 Na5 10. Bc1 Bc6 11. Bb5 Ne7 12. Ng5 1-0

[Event "Voltei "]
[Site "http://www.queenalice.com/game.php?id=1237995"]
[Date "2013.12.6"]
[Round "-"]
[White "Sk8"]
[Black "heberesteves"]
[Result "1-0"]
[WhiteElo "1690"]
[BlackElo "1772"]

1. e4 e5 2. Nf3 Nc6 3. Bb5 Bd6 4. Bxc6 dxc6 5. b3 Bg4 6. Bb2 Qf6 7. h3 Bh5 8.
Nc3 Bg6 9. Qe2 b5 10. Qe3 b4 11. Na4 Ne7 12. g4 O-O 13. h4 h6 14. g5 hxg5 15.
hxg5 Qf4 16. d3 Qxe3+ 17. fxe3 f6 18. gxf6 gxf6 19. O-O-O Kf7 20. Nd2 Ke6 21. d4
exd4 22. exd4 Rh8 23. Rhf1 f5 24. e5 Bxe5 25. dxe5 Nd5 26. Nc5+ Ke7 27. e6 Rh2
28. Rg1 Bh5 29. Rg7+ Ke8 30. Re1 a5 31. e7 Re2 32. Rxe2 Bxe2 33. Rg8+ Kxe7 34.
Rxa8 Kd6 35. Rxa5 Nc3 36. Bxc3 bxc3 37. Nc4+ Kd5 38. Nb7+ Ke4 39. Re5+ Kf3 40.
Rxf5+ Kg4 41. Ne3+ Kh4 42. Nc5 Kh3 43. Ne4 Ba6 44. Rh5# 1-0

[Event "GOGO..."]
[Site "http://www.queenalice.com/game.php?id=1237996"]
[Date "2013.12.6"]
[Round "-"]
[White "heberesteves"]
[Black "Sk8"]
[Result "0-1"]
[WhiteElo "1738"]
[BlackElo "1713"]

1. e4 e5 2. Bc4 Nf6 3. Nc3 c6 4. Nf3 Bd6 5. d4 exd4 6. Nxd4 O-O 7. Nf3 b5 8. e5
Qe7 9. Be2 Bxe5 10. Nxe5 Qxe5 11. O-O d5 12. Re1 Qd6 13. Be3 Nbd7 14. a3 Ne5 15.
h3 b4 16. axb4 Qxb4 17. b3 Qxc3 18. Bd4 Qb4 19. Bxe5 Ne4 20. Bf4 Qe7 21. f3 Qc5+
22. Kh2 Nf6 23. Ra4 Nh5 24. Be5 f6 25. b4 Qe7 26. Bd4 Qd6+ 27. Kg1 Qg3 28. Bf2
Qg5 29. g4 Nf4 30. Bf1 Qh6 31. Kh2 f5 32. Be3 fxg4 33. fxg4 Qd6 34. Kg1 Qg6 35.
b5 Ne6 36. bxc6 Nc7 37. c4 Qxc6 38. c5 Ba6 39. Bxa6 Nxa6 40. Ra5 Nb4 41. Qb3 Na6
42. Qb5 Nb8 43. Qxc6 Nxc6 44. Ra6 Nb4 45. Rd6 Rae8 46. Re2 a5 47. c6 a4 48. c7
a3 49. Rb6 a2 50. Bd4 Rxe2 51. Rxb4 Rc2 52. Be5 h6 53. Ra4 Re8 54. c8=Q Rexc8
55. h4 Re8 56. Bg3 Ree2 57. Kf1 Re3 58. Ra8+ Kh7 59. Bf2 Rf3 60. Re8 a1=Q+ 61.
Re1 Rfxf2+ 62. Kg1 Qxe1# 0-1

[Event "Challenge"]
[Site "http://www.queenalice.com/game.php?id=1241804"]
[Date "2013.12.21"]
[Round "-"]
[White "joaodias"]
[Black "Sk8"]
[Result "0-1"]
[WhiteElo "1394"]
[BlackElo "1686"]

1. d3 Nc6 2. a3 e5 3. e3 Nf6 4. c4 Bc5 5. b4 Be7 6. c5 d6 7. d4 dxc5 8. dxc5 Ne4
9. Bd3 Ng5 10. Bb5 Ne4 11. Qxd8+ Bxd8 12. f3 Nf6 13. e4 Bd7 14. Bxc6 Bxc6 15. g4
Nd7 16. h4 b6 0-1

[Event "Challenge"]
[Site "http://www.queenalice.com/game.php?id=1243227"]
[Date "2013.12.27"]
[Round "-"]
[White "novoselic"]
[Black "Sk8"]
[Result "1-0"]
[WhiteElo "1887"]
[BlackElo "1694"]

1. e4 e5 2. Nf3 Nc6 3. Bb5 Qf6 4. Nc3 Nge7 5. d3 a6 6. Bxc6 Nxc6 7. Bg5 Qg6 8.
Nd5 Bd6 9. Qd2 f6 10. Bh4 Qxg2 11. Ke2 Nd4+ 12. Nxd4 exd4 13. Bg3 O-O 14. Rag1
Qh3 15. Bxd6 cxd6 16. Qf4 f5 17. Rxg7+ Kxg7 18. Rg1+ Kh8 19. Qxd6 Qh5+ 20. Ke1
Re8 21. Qf6# 1-0

[Event "Challenge"]
[Site "http://www.queenalice.com/game.php?id=1248797"]
[Date "2014.1.16"]
[Round "-"]
[White "AlexandraPoslov"]
[Black "Sk8"]
[Result "0-1"]
[WhiteElo "1100"]
[BlackElo "1709"]

1. c4 Nc6 2. d4 d5 3. e3 e6 4. Nf3 g6 5. Nc3 a6 6. cxd5 exd5 7. Bd3 Bg7 8. O-O
Nge7 9. Re1 O-O 10. a3 Bg4 11. h3 Be6 12. Bd2 Bf5 13. Bc1 Be6 14. Bd2 Qd6 15.
Bc2 Nf5 16. g4 Ng3 17. Kg2 Ne4 18. Bxe4 dxe4 19. Nxe4 Qd5 20. Nc3 Qd6 21. Ne4
Qe7 22. Nc3 Bd7 23. Qb3 b5 0-1

[Event "Pega leve !!! hehehe"]
[Site "http://www.queenalice.com/game.php?id=1248810"]
[Date "2014.1.16"]
[Round "-"]
[White "Sk8"]
[Black "AlexandraPoslov"]
[Result "1-0"]
[WhiteElo "1711"]
[BlackElo "1100"]

1. Nc3 Nf6 2. e4 e5 3. Nf3 Bc5 4. Nxe5 Qe7 5. d4 Bb4 6. Bd2 O-O 7. a3 Bxc3 8.
Bxc3 Nxe4 9. Bb4 d6 10. Qe2 Nxf2 11. Qxf2 f6 12. O-O-O fxe5 13. Qe3 Nc6 14. Qb3+
Kh8 15. dxe5 Qxe5 16. Re1 Nd4 17. Qc4 b5 18. Qxc7 Bf5 19. Rxe5 dxe5 20. Bxf8 1-0

[Event "Challenge"]
[Site "http://www.queenalice.com/game.php?id=1254232"]
[Date "2014.2.6"]
[Round "-"]
[White "sss"]
[Black "Sk8"]
[Result "1-0"]
[WhiteElo "1470"]
[BlackElo "1730"]

1. e4 e5 2. Nf3 Nc6 3. Bb5 Bd6 4. d3 Nce7 5. Bc4 h6 6. Nc3 c6 7. a4 Qa5 8. Bd2
b5 9. axb5 Qb4 10. bxc6 dxc6 11. Qb1 Qb6 12. O-O Nf6 13. h3 Nh5 14. Na4 Qb7 15.
Qa2 Nf4 16. Bxf4 exf4 17. Bxf7+ Kd8 18. c4 c5 19. e5 Bc7 20. Nxc5 Qb6 21. Ne4 h5
22. Bd5 Nxd5 23. cxd5 Bxh3 24. gxh3 h4 25. d6 Bb8 26. Nxh4 Qd4 27. Qa5+ Ke8 28.
Qb5+ Kd8 29. Qb7 Rxh4 30. Qxa8 Rxh3 31. Qxb8+ Kd7 32. Qc7+ Ke8 33. Qe7# 1-0

[Event ";-D"]
[Site "http://www.queenalice.com/game.php?id=1262669"]
[Date "2014.3.6"]
[Round "-"]
[White "Sk8"]
[Black "heberesteves"]
[Result "0-1"]
[WhiteElo "1704"]
[BlackElo "1698"]

1. Nc3 e5 2. e4 c6 3. Nf3 d6 4. d3 b5 5. b4 Nd7 6. Bg5 f6 7. Bh4 g5 8. Bg3 h5 9.
h3 h4 10. Bh2 c5 11. bxc5 b4 12. Nd5 dxc5 13. a3 Bd6 14. axb4 cxb4 0-1

[Event ";-D"]
[Site "http://www.queenalice.com/game.php?id=1262670"]
[Date "2014.3.6"]
[Round "-"]
[White "heberesteves"]
[Black "Sk8"]
[Result "1-0"]
[WhiteElo "1714"]
[BlackElo "1688"]

1. e4 Nc6 2. d4 e5 3. d5 Nd4 4. c3 Bc5 5. cxd4 Bxd4 6. Nf3 Qe7 7. Nxd4 Qb4+ 8.
Qd2 Qxd4 9. Qxd4 exd4 10. b4 Nf6 11. Bd3 d6 12. Bb2 c5 13. dxc6 bxc6 14. Bxd4
1-0